Estudios de grafemática en el dominio hispánico

Tallennettuna:
Bibliografiset tiedot
Päätekijät: Blecua, José Manuel (Tekijä), Gutiérrez Cuadrado, Juan (Tekijä), Sala, Lidia (Tekijä)
Aineistotyyppi: Kirja
Kieli:espanja
Julkaistu: Bogotá Instituto Caro y Cuervo 1998
Sarja:Aguas Vivas, 1
Aiheet:
Tagit: Lisää tagi
Ei tageja, Lisää ensimmäinen tagi!

MARC

LEADER 00000nam a2200000 a 4500
001 UCO9528
003 CL-VaPUC
008 010302e19980300CK |||||||||||||||||spa|d
082 0 4 |a 411  |b BLE  |2 21 
100 0 |a Blecua, José Manuel  |e author  |9 454778 
700 |a Gutiérrez Cuadrado, Juan  |e author  |9 454779 
700 0 |a Sala, Lidia  |e author  |9 454780 
245 1 0 |a Estudios de grafemática en el dominio hispánico 
300 |a 310 p 
942 |c BK 
945 |d 20010302 00:00:00  |a cmena 
260 |a Bogotá  |b Instituto Caro y Cuervo  |c 1998 
650 7 |a LENGUAJE ESPAÑOL  |2 CL-VaPUC  |9 454781 
650 0 |a Gramática española  |9 403055 
650 0 |a Manuscritos   |9 313680 
650 0 |a Investigación lingüística  |9 329785 
650 7 |a LINGUISTICA - HISTORIA  |2 CL-VaPUC  |9 316168 
650 7 |a GRAFEMATICA  |2 CL-VaPUC  |9 454782 
583 |a last modification  |c 20010302 00:00:00  |k Rodrigo Vera 
490 0 |a Aguas Vivas, 1 
999 |c 293730  |d 293728 
952 |0 0  |1 0  |4 0  |6 411_000000000000000_BLE_1998  |7 0  |8 A  |9 345435  |a BIBEDU  |b BIBEDU  |d 2019-11-20  |i 3673022  |o 411 BLE 1998  |p 3673022  |r 2019-11-20  |w 2019-11-20  |y BK  |k LIT 
952 |0 0  |1 0  |4 0  |6 411_000000000000000_BLE_1998  |7 0  |8 A  |9 345436  |a BIBEDU  |b BIBEDU  |d 2019-11-20  |i 3696073  |o 411 BLE 1998  |p 3696073  |r 2019-11-20  |w 2019-11-20  |y BK  |k LIT